Marcello Mastroianni Filmography - Statistics

General Stats
  • This quiz has been taken 9 times
  • The average score is 10 of 153
Answer Stats
Type Year Name % Correct
Film 1960 La dolce vita
88%
Film 1961 Divorce Italian Style
63%
Film 1977 A Special Day
50%
Film 1958 Big Deal on Madonna Street
50%
Film 1963 Yesterday, Today and Tomorrow
50%
Film 1963
38%
Film 1961 La Notte
38%
Film 1964 Marriage Italian Style
38%
Film 1987 Oci ciornie
38%
Film 1972 Roma
38%
Film 1974 We All Loved Each Other So Much
38%
Film 1995 According to Pereira
25%
Film 1979 Atrocious Tales of Love and Death
25%
Film 1965 Casanova 70
25%
Film 1989 Che ora è?
25%
Film 1985 Maccheroni
25%
Film 1989 Splendor
25%
Film 1983 The Story of Piera
25%
Film 1975 The Sunday Woman
25%
Film 1990 Towards Evening
25%
Film 1972 What?
25%
TV Film 1994 A che punto è la notte
13%
Film 1968 A Place for Lovers
13%
Film 1960 Bell' Antonio
13%
Film 1980 City of Women
13%
Film 1990 Everybody's Fine
13%
Film 1953 Febbre di vivere
13%
Film 1961 Ghosts of Rome
13%
Film 1987 Intervista
13%
Film 1980 La terrazza
13%
Film 1965 Oggi, domani, dopodomani
13%
Film 1951 Parigi è sempre Parigi
13%
Film 1994 Ready to Wear
13%
Film 1950 Sunday in August
13%
Film 1961 The Assassin
13%
Film 1970 The Pizza Triangle
13%
Film 1976 Todo modo
13%
Film 1954 Too Bad She's Bad
13%
Film 1977 Wifemistress
13%
Film 1993 1, 2, 3, Freeze
0%
TV Film 1972 1870
0%
Film 1950 A Dog's Life
0%
Film 1960 Adua e le compagne
0%
Film 1991 A Fine Romance
0%
Film 1974 Allonsanfan
0%
Film 1958 Amore e guai
0%
Film 1957 A Tailor's Maid
0%
Film 1951 A Tale of Five Women
0%
Film 1950 Atto di accusa
0%
Film 1962 A Very Private Affair
0%
Film 1995 Beyond the Clouds
0%
Film 1982 Beyond the Door
0%
Film 1985 Big Deal After 20 Years
0%
Film 1978 Blood Feud
0%
Film 1978 Bye Bye Monkey
0%
Film 1954 Chronicle of Poor Lovers
0%
Film 1950 Contro la legge
0%
Film 1950 Cuori sul mare
0%
Film 1968 Diamonds for Breakfast
0%
Film 1973 Dirty Weekend
0%
Film 1974 Don't Touch the White Woman!
0%
Film 1977 Double Murder
0%
Film 1975 Down the Ancient Stairs
0%
Film 1962 Family Portrait
0%
Film 1981 Fantasma d'amore
0%
Film 1959 Ferdinando I° re di Napoli
0%
Film 1983 Gabriela
0%
Film 1967 Ghosts, Italian Style
0%
Film 1986 Ginger & Fred
0%
Film 1954 Giorni d'amore
0%
Film 1970 Giuochi particolari
0%
Film 1952 Gli eroi della domenica
0%
Film 1984 Henry IV
0%
Film 1954 House of Ricordi
0%
Film 1993 I Don't Want to Talk About It
0%
Film 1959 Il marito bello: Il nemico di mia moglie
0%
Film 1957 Il medico e lo stregone
0%
Film 1957 Il momento più bello
0%
Film 1953 Il viale della speranza
0%
Film 1971 It Only Happens to Others
0%
Film 1975 La pupa del gangster
0%
Film 1954 La schiava del peccato
0%
Film 1953 La valigia dei sogni
0%
Film 1973 Le Grande Bouffe
0%
TV Mini-Series 1978 Le mani sporche
0%
Film 1957 Le Notti Bianche
0%
Film 1970 Leo the Last
0%
Film 1973 L'événement le plus important depuis que l'homme a marché sur la Lune
0%
Film 1972 Liza
0%
Film 1967 Lo straniero
0%
Film 1958 Love on the Riviera
0%
Film 1953 Lulù
0%
Film 1976 Lunatics and Lovers
0%
Documentary 2006 Marcello Mastroianni: Il fascino discreto della normalità
0%
Documentary 1997 Marcello Mastroianni: I Remember
0%
Film 1939 Marionette
0%
Film 1973 Massacre in Rome
0%
Film 1966 Me, Me, Me... and the Others
0%
Film 1988 Miss Arizona
0%
Film 1971 My Name Is Rocco Papaleo
0%
Film 1955 Native Drums
0%
TV Show 1969 NBC Experiment in Television
0%
Short Film 1987 NEM
0%
Film 1953 Non è mai troppo tardi
0%
Film 1995 One Hundred and One Nights
0%
Film 1952 Penne nere
0%
TV Show 1988 Piazza Navona
0%
TV Show 1971 Rowan & Martin's Laugh-In
0%
Film 1973 Salut l'artiste
0%
Film 1957 Sand, Love and Salt
0%
Film 1971 Scipione detto anche l'africano
0%
Film 1952 Sensualita
0%
Film 1966 Shoot Loud, Louder... I Don't Understand
0%
Film 1976 Signore e signori, buonanotte
0%
TV Documentary 1996 Speciale mastroianni - il fascino della normalità
0%
Film 1978 Stay as You Are
0%
Film 1970 Sunflower
0%
Film 1948 Tempesta su Parigi
0%
Film 1982 That Night in Varennes
0%
Film 1965 The 10th Victim
0%
Film 1954 The Anatomy of Love
0%
Film 1986 The Beekeeper
0%
Film 1956 The Bigamist
0%
Film 1943 The Children Are Watching Us
0%
Film 1991 The Children Thief
0%
Film 1975 The Divine Nymph
0%
Film 1952 The Eternal Chain
0%
Film 1983 The General of the Dead Army
0%
Film 1954 The Island Princess
0%
Film 1982 The Last Horror Film
0%
Film 1959 The Law
0%
Film 1968 The Man with the Balloons
0%
TV Show 1965 The Merv Griffin Show
0%
Film 1955 The Miller's Beautiful Wife
0%
Film 1963 The Organizer
0%
TV Film 1966 The Poppy Is Also a Flower
0%
Film 1970 The Priest's Wife
0%
Film 1981 The Skin
0%
Film 1991 The Suspended Step of the the Stork
0%
Film 1985 The Two Lives of Mattia Pascal
0%
Film 1952 Three Girls from Rome
0%
Film 1996 Three Lives and Only One Death
0%
Film 1979 Traffic Jam
0%
Film 1952 Tragico ritorno
0%
Film 1959 Tutti innamorati
0%
Film 1942 Una storia d'amore
0%
Film 1958 Un ettaro di cielo
0%
Film 1992 Used People
0%
Film 1949 Vent'anni
0%
Film 1949 Vertigine d'amore
0%
Film 1997 Voyage to the Beginning of the World
0%
Film 1956 What a Woman!
0%
TV Show 1995 What's the Bet?
0%
No matching quizzes found
Score Distribution
Percent of People with Each Score
Percentile by Number Answered
Your Score History
You have not taken this quiz